000 00337nam a22001457a 4500
003 OSt
008 250509b |||||||| |||| 00| 0 eng d
100 _aUPADYAYA Pandit Ganga Parsadh
245 _aSanatan Dharam
250 _a21th
260 _aNew Delhi
_bArya Prakashan
_c2021
300 _a68
650 _aGeneral
942 _2ddc
_cBK
999 _c13569
_d13569